000 00964nam a2200265 a 4500
001 000034371
003 DO-SdBNP
005 20250621074008.0
008 100909t2011 dr ac 001 0bspa d
040 _aDO-SdBNP
_bspa
_cBNPHU
049 _aBNPD
082 _a923.17293
_bT866D, 2011
100 1 _aDiederich, Bernard,
_d1927-
_945019
240 1 0 _aTrujillo : the death of the goat
_lespañol
245 1 0 _aTrujillo :
_bla muerte del dictador /
_cBernard Diederich.
250 _a6a ed.
260 _aSanto Domingo :
_bFundación Cultural Dominicana,
_c2011.
300 _axix, 258 p. :
_bil., retrs. ;
_c22 cm.
500 _aReimpresión de la sexta edición de 2002 en español.
600 1 0 _aTrujillo Molina, Rafael Leónidas,
_d1891-1961
_xMuerte
_910869
650 4 _aHomicidio político
_zRepública Dominicana
_911383
651 0 _aRepública Dominicana
_xPolítica y gobierno
_945
910 _aValidado.Control de calidad BNPHU.
942 _2ddc
_cLBS1
999 _c33862
_d33862